000 00903cam a2200253 a 4500
999 _c2995
_d2995
001 4978730
003 GBCCL
005 20241126110444.0
008 980203s1998 miua b 001 0 eng
010 _a 98010292
020 _a0825431891 (pbk.)
040 _aDLC
_cDLC
_dDLC
050 0 0 _aBV601.8
_b.M32 1998
082 0 0 _a253
_221
_bMAL
100 1 _aMalphurs, Aubrey.
_96237
245 1 0 _aDeveloping a dynamic mission for your ministry /
_cAubrey Malphurs.
260 _aGrand Rapids, MI :
_bKregel Publications,
_cc1998.
300 _a140 p. :
_bill. ;
_c22 cm.
504 _aIncludes bibliographical references and index.
650 0 _aMission of the church.
_950
906 _a7
_bcbc
_corignew
_d1
_eocip
_f19
_gy-gencatlg
942 _2ddc
_cBK
_01